00349nam a2200109Ia 4500008004000000082001500040100002800055245004100083260004600124300000800170650006100178210210b1667 xxu||||| |||| 00| 0 eng d a973.5 MORO aMORISON (Samuel Eliot). aOld Bruin Commodore Matthew C Perry. aBostonbAtlantic monthly press bookc1667 a482 aAmerican Naval Officer Commodore Matthew Calbraith Perry